00401nam a2200133 a 45000010005000000030005000050050017000100080041000270400020000681000020000882450075001082600065001836100019002481298CDMR20130509171051.0130130s2007||||||||||||||||||||||||||||d aCDMRbcatcCDMR1 aTavera, Susanna10aFons La revista Blancab: Federica Montseny i la dona nova (1923-1931) aBarcelonac2007bCentre d'Estudis Històrics Internacionals2 aRevista Blanca